ARRUPE JESUIT UNIVERSITY

CORONAVIRUS -STOP THE SPREAD - CLEAN,DISINFECT,COVER

Religion and culture (Record no. 35)

MARC details
000 -LEADER
fixed length control field 00511nam a2200217Ia 4500
003 - CONTROL NUMBER IDENTIFIER
control field 0100
008 - FIXED-LENGTH DATA ELEMENTS--GENERAL INFORMATION
fixed length control field 130227s9999 xx 000 0 und d
040 ## - CATALOGING SOURCE
Transcribing agency ARRUPELIB
050 ## - LIBRARY OF CONGRESS CALL NUMBER
Classification number BR115.C8M342
100 ## - MAIN ENTRY--PERSONAL NAME
Personal name Maritain, Jacques
245 ## - TITLE STATEMENT
Title Religion and culture
260 ## - PUBLICATION, DISTRIBUTION, ETC. (IMPRINT)
Place of publication, distribution, etc London
260 ## - PUBLICATION, DISTRIBUTION, ETC. (IMPRINT)
Name of publisher, distributor, etc Sheed & Ward
260 ## - PUBLICATION, DISTRIBUTION, ETC. (IMPRINT)
-- 1931
300 ## - PHYSICAL DESCRIPTION
Extent xxvii
300 ## - PHYSICAL DESCRIPTION
Other physical details 67p 18cm
440 ## - SERIES STATEMENT/ADDED ENTRY--TITLE
Title Essays in order n.1
650 ## - SUBJECT ADDED ENTRY--TOPICAL TERM
Topical term following geographic name as entry element Stowe, Harriet Elizabeth Beecher
700 ## - ADDED ENTRY--PERSONAL NAME
Personal name Scanlan, J.F. (tr)
942 ## - ADDED ENTRY ELEMENTS (KOHA)
Source of classification or shelving scheme Library of Congress Classification
Koha issues (borrowed), all copies 1
Holdings
Withdrawn status Lost status Source of classification or shelving scheme Damaged status Not for loan Collection code Home library Current library Shelving location Date acquired Total Checkouts Full call number Barcode Date last seen Date last borrowed Copy number Price effective from Koha item type
    Library of Congress Classification     Main Collection ARRUPE LIBRARY ARRUPE LIBRARY   27/02/2013 2 BR115.C8M342 46400324 24/01/2017 30/12/2016 1 27/02/2013 Monograph ( Printed materials)

 

Arrupe Library. PO Box MP320 Mt Pleasant, Harare, Zimbabwe
263 242 745411|librarian@aju.ac.zw